| 000 -CABECERA |
| fixed length control field |
00900nam a22002417a 4500 |
| 003 - IDENTIFICADOR DEL NÚMERO DE CONTROL |
| control field |
AR-CdUCM |
| 008 - DATOS DE LONGITUD FIJA--INFORMACIÓN GENERAL |
| fixed length control field |
190605b ||||| |||| 00| 0 spa d |
| 040 ## - FUENTE DE LA CATALOGACIÓN |
| Agencia/entidad que catalogó originalmente la obra |
MUNICIPALIDAD PROVINCIAL DEL CUSCO |
| Entidad que transcribió la catalogación |
BIBLIOTECA MUNICIPAL DEL CUSCO |
| 082 ## - NÚMERO DE LA CLASIFICACIÓN DECIMAL DEWEY |
| No. de Clasificación |
922.85 / |
| Notacion interna |
H21 |
| No. de la edición |
2ed. |
| 100 ## - ENTRADA PRINCIPAL--NOMBRE DE PERSONA |
| Nombre Personal |
Hansen, Leonardo |
| 245 ## - MENCIÓN DE TÍTULO |
| Título |
Vida admirable de Sta. Rosa De Lima : |
| Resto del título |
Patrona del nuevo mundo / |
| 260 ## - PUBLICACIÓN, DISTRIBUCIÓN, ETC. |
| Lugar de publicación, distribución, etc. |
España. |
| Nombre de la editorial, distribuidor, etc. |
El santísimo rosario, |
| Fecha de publicación, distribución, etc. |
1929 |
| 300 ## - DESCRIPCIÓN FÍSICA |
| Nº de Páginas Extensión |
508 páginas ; |
| Dimensiones |
21.5 cm |
| 505 ## - NOTA DE CONTENIDO CON FORMATO |
| Nota de contenido formateada |
Contenido: Patria e infancia de Rosa -- Niñez de Rosa, sus inclinaciones y el voto que hizo de virginidad -- Educación de Santa Rosa... |
| 650 ## - PUNTO DE ACCESO ADICIONAL DE MATERIA--TÉRMINO DE MATERIA |
| Descriptor |
Vida de Santa Rosa |
| 9 (RLIN) |
43407 |
| 650 ## - PUNTO DE ACCESO ADICIONAL DE MATERIA--TÉRMINO DE MATERIA |
| Descriptor |
Historia de Santa Rosa |
| 9 (RLIN) |
43408 |
| 650 ## - PUNTO DE ACCESO ADICIONAL DE MATERIA--TÉRMINO DE MATERIA |
| Descriptor |
Rosa de Lima |
| 9 (RLIN) |
43409 |
| 700 ## - PUNTO DE ACCESO ADICIONAL--NOMBRE DE PERSONA |
| Nombre Personal |
Parra, Jacinto (traducción) |
| 9 (RLIN) |
43410 |
| 942 ## - ELEMENTOS DE PUNTO DE ACCESO ADICIONAL (KOHA) |
| Fuente de clasificación |
|
| Tipo de item |
Libros-BMC |
| 945 ## - PROCESAMIENTO DE INFORMACIÓN LOCAL (OCLC) |
| Catalogador |
Andy |